000
00302nam a22001337a 4500
020
_a
9780333925461
082
_a
690.0223
_b
SHA/PR
100
_a
Shah,M.G
_9
671
100
_a
Kale,C.M
_9
672
245
_a
Principles of Buiding Drawing
260
_a
Delhi
_b
Macmillan
_c
2011
300
_a
139
942
_c
BK
999
_c
14416
_d
14416